00508pam a2200145 a 4500020000500000041000500005082001500010100003000025245006300055260003100118300001700149930000900166999001900175952016800194 c h a743.6bPIN aPolly Pinder Susie Hodge. aHow to draw Animals in Simple Steps hTextual Documents a[s.l]:bSear press U. k. . a144:bpaper. a7449 c241239d241239 001040708Text BooksaFAPbFAPd2016-02-26eBhararti Sahakari Grahak Bhandarg1150.00l1o743.6 PINpFAP-8106r2023-10-13 00:00:00s2023-10-13t1w2023-03-07yBK